000 01501cam a22002777a 4500
999 _c574
_d574
008 070912s2007 enk i000 0 eng d
020 _a9789280142372
020 _a9280142372
082 0 0 _a363.12381 I339
110 _976
_aInternational Maritime Organization
245 0 2 _aA pocket guide to recovery techniques.
_cby International Maritime Organization
246 3 0 _aRecovery techniques
246 1 7 _aGuide to recovery techniques
250 _a2007 ed.
260 _aLondon :
_bInternational Maritime Organization,
_c2007.
300 _a34 p. :
_bcol. ill. ;
_c21 x 10 cm.
500 _a"IMO publication sales number: I947E"--T.p. verso.
505 2 _aIntroduction : your part in recovery at sea -- Aims of this guide -- The task of recovery : possible problems -- Planning for recovery -- Providing assistance prior to recovery -- The recovery process -- Bringing people to the side of the ship -- Getting people aboard the ship : factors to consider -- Getting people aboard the ship : climbing and lifting -- Standing by when people cannot be recovered -- Immediate care of people recovered -- Conclusions.
650 0 _aLifesaving
_vHandbooks, manuals, etc.
650 0 _aSearch and rescue operations
_vHandbooks, manuals, etc.
650 0 _aShipwreck survival
_vHandbooks, manuals, etc.
650 0 _aShips
_xSafety measures
_vHandbooks, manuals, etc.
710 2 _aInternational Maritime Organization.
856 4 1 _uhttp://www.loc.gov/catdir/toc/fy0804/2007532656.html
942 _cBK